Most Diverse Countries in the World - Statistics

General Stats
  • This quiz has been taken 31 times
  • The average score is 4 of 10
Answer Stats
Hint Answer % Correct
85.60% South Africa
83%
85.00% Nigeria
69%
85.50% Kenya
52%
85.50% Chad
34%
88.30% Uganda
34%
88.00% Togo
31%
85.20% Mali
28%
88.90% Liberia
17%
80.80% Guinea Bissau
10%
86.00% Nepal
3%
No matching quizzes found
Score Distribution
Percent of People with Each Score
Percentile by Number Answered
Your Score History
You have not taken this quiz